Deutsche Städte mit 500.000 Einwohnern - Sudden Death - Statistiken

Allgemein
  • Dieses Quiz wurde 19.275 mal gespielt
  • Das Durchschnittsergebnis liegt bei 9 aus 15
Answers on the Grid
Answers color-coded by a green-red scale on the quiz's grid according to % correct below.
Berlin
Hamburg
München
Köln
Frankfurt a.M.
Stuttgart
Düsseldorf
Leipzig
Dortmund
Essen
Bremen
Dresden
Hannover
Nürnberg
Duisburg
Bochum
Wuppertal
Bielefeld
Bonn
Münster
Mannheim
Karlsruhe
Augsburg
Wiesbaden
Mönchengladbach
Gelsenkirchen
Aachen
Braunschweig
Chemnitz
Kiel
Halle (Saale)
Magdeburg
Freiburg i.B
Krefeld
Mainz
Lübeck
Erfurt
Oberhausen
Rostock
Kassel
 
Antwortstatistiken
Antwort % Korrekt
Berlin
78%
München
77%
Hamburg
76%
Köln
75%
Frankfurt a.M.
73%
Stuttgart
70%
Düsseldorf
69%
Dortmund
67%
Leipzig
59%
Bremen
55%
Dresden
54%
Hannover
51%
Essen
47%
Nürnberg
47%
Duisburg
32%
Keine übereinstimmenden Quizze gefunden
Verteilung der Resultate
Anzahl Personen mit jedem Resultat
Perzentil nach korrekt beantworteten Fragen
Ihre Resultats-Entwicklung
Sie haben dieses Quiz noch nicht gespielt